000 00596nam a22002297a 4500
003 UA-OsUOA
001 189
007 ta
008 20050524b un ||||| |||| 00| 0 ukr d
100 _aСоловьев Л.
090 _a821.161
_bС60
942 _cBK
040 _aUA-OsUOA
_brus
_cUA-OsUOA
_dUA-OsUOA
245 _aПовесть о Ходже Насреддине
300 _a576 с.
955 _a2
041 _arus
080 _a821.161
260 _aМ.
_bПравда
_c1987
650 7 _a82 Література. Літературознавство
_2UDC
999 _c286352
_d286352